01469nam a2200361 i 4500001001000000003000900010005001700019007000300036008003600039040003300075041000800108082002800116245011400144264005100258300002800309336002700337337003400364338003000398440000600428490001200434500007400446505007700520590002700597650003600624650003900660651003700699700004900736910003900785942001200824952012700836952012700963999001701090000008937DO-SdBPM20260212055639.0ta090921s1999 dr 000 0 spa d aDO-SdBPMbspacBPMSUerdad  aspa 4aRD860.8bA634m 199922200aAntología mayor de la literatura dominicana (siglos XIX-XX) /cselección, prólogo y notas Manuel Rueda. aSanto Domingo :bFundación Corripio,c1999-. a4 volúmenes ;c23 cm. atextobtxt2rdacontent asin mediación bn2rdamedia avolumen bnc2rdacarrier a00 aPrisma  aIncluye referencias bibliográficas y notas al pie de las páginas.0 gv.1 : Poesía I -- v.2 : Poesía II -- v.3 : Prosa I -- v.4 : Prosa II aInventariado, 2026/ VM 7aPoesía dominicanaySiglo XIXz aDominican literaturev20th century 7aLiteratura dominicana ySiglo XX1 aRueda, Manuel,d1921-1999ecompilador4comp. aVMateo V. Control de calidad BPMSU 2ddccBK 00102ddc708CDaBPMETbBPMETd2026-02-12l0oBPMSU CD RD860.8 A634m 1999pBPMSU26020067r2026-02-12tv.1w2026-02-12yBK 00102ddc708CDaBPMETbBPMETd2026-02-12l0oBPMSU CD RD860.8 A634m 1999pBPMSU26020068r2026-02-12tv.2w2026-02-12yBK c15683d15683